书目信息 |
| 题名: |
铁路与城市轨道工务
|
|
| 作者: | 黄守刚 主编 ;宋剑 , 赵德宽 , 王俊 , 宋剑 副主编 | |
| 分册: | ||
| 出版信息: | 北京 机械工业出版社 2010.06 |
|
| 页数: | 255页 | |
| 开本: | 26cm | |
| 丛书名: | ||
| 单 册: | ||
| 中图分类: | U2 | |
| 科图分类: | ||
| 主题词: | 城市铁路--铁路工程 | |
| 电子资源: | ||
| ISBN: | 978-7-111-30554-5 | |
| 000 | 00930nam0 2200289 450 | |
| 001 | 004631150 | |
| 005 | 20101011162546.93 | |
| 010 | @a978-7-111-30554-5@dCNY36.00 | |
| 100 | @a20101129d2010 em y0chiy50 ea | |
| 101 | 0 | @achi |
| 102 | @aCN@b110000 | |
| 105 | @aa a 000yy | |
| 200 | 1 | @a铁路与城市轨道工务@ATie Lu Yu Cheng Shi Gui Dao Gong Wu@f黄守刚主编@g宋剑, 赵德宽, 王俊副主编 |
| 210 | @a北京@c机械工业出版社@d2010.06 | |
| 215 | @a255页@c图, 照片@d26cm | |
| 320 | @a有书目 | |
| 330 | @a本书介绍了工务组织机构与修程修制,工务检查与检测技术,轨道养护维修与管理,工务技术与生产管理等内容。 | |
| 330 | @a铁路施工 | |
| 606 | 0 | @a城市铁路@x铁路工程 |
| 690 | @aU2@v4 | |
| 701 | 0 | @a黄守刚@AHuang Shou Gang@4主编 |
| 702 | 0 | @a宋剑@Asong jian@4副主编 |
| 702 | 0 | @a赵德宽@Azhao de kuan@4副主编 |
| 702 | 0 | @a王俊@Awang jun@4副主编 |
| 702 | 0 | @a宋剑@Asong jian@4主编 |
| 801 | 0 | @aCN@c20101129 |
| 905 | @dU2@eH882 | |
| 铁路与城市轨道工务/黄守刚主编/宋剑, 赵德宽, 王俊副主编.-北京:机械工业出版社,2010.06 |
| 255页:图, 照片;26cm |
| ISBN 978-7-111-30554-5:CNY36.00 |
| 本书介绍了工务组织机构与修程修制,工务检查与检测技术,轨道养护维修与管理,工务技术与生产管理等内容。.-铁路施工 |
| ● |
| 相关链接 |
|
|
|
正题名:铁路与城市轨道工务
索取号:U2/H882
 
预约/预借
| 序号 | 登录号 | 条形码 | 馆藏地/架位号 | 状态 | 备注 |
| 1 | 1032832 | 210328322 | 自科库501/501自科库 49排3列2层/ [索取号:U2/H882] | 在馆 | |
| 2 | 1032833 | 210328331 | 自科库501/501自科库 49排3列2层/ [索取号:U2/H882] | 在馆 | |
| 3 | 1032834 | 210328340 | 自科库501/501自科库 49排3列2层/ [索取号:U2/H882] | 在馆 |